[Event "ESP-ch U18"]
[Site "Salobrena"]
[Date "2023.08.03"]
[Round "6"]
[White "Tadevosyan, Aspet"]
[Black "Crespo Diaz, David"]
[Result "1/2-1/2"]
[WhiteElo "2223"]
[BlackElo "1921"]
[PlyCount "66"]
[EventDate "2023.07.31"]
[EventType "swiss"]
[EventRounds "9"]
[EventCountry "ESP"]
[SourceTitle "CBM 215 Extra"]
[Source "ChessBase"]
[SourceDate "2023.09.30"]
[SourceVersion "1"]
[SourceVersionDate "2023.09.30"]
[SourceQuality "1"]

1. d4 Nf6 2. c4 g6 3. Nc3 d5 4. Nf3 Bg7 5. Qb3 dxc4 6. Qxc4 0-0 7. e4 a6 8. Be2 b5 9. Qb3 c5 10. dxc5 Bb7 11. a4 Nbd7 12. Qb4 a5 13. Qxb5 Ba6 14. Qc6 Bxe2 15. Kxe2 Rc8 16. Qb5 Rxc5 17. Qd3 Qb8 18. Rd1 Ne5 19. Qd4 Rfc8 20. Nxe5 Rxe5 21. Qd3 Re6 22. g3 h5 23. Kf1 Rd6 24. Qe2 Rxd1+ 25. Qxd1 Rxc3 26. bxc3 Nxe4 27. Qc2 Qa8 28. Kg1 Bxc3 29. Rb1 Bb4 30. Be3 Nc3 31. Rc1 Qf3 32. Re1 h4 33. gxh4 Qg4+ 1/2-1/2

[Event "Pontevedra op-A 10th"]
[Site "Pontevedra"]
[Date "2022.07.28"]
[Round "7"]
[White "Reguillaga Elias, Manex"]
[Black "Tadevosyan, Aspet"]
[Result "1-0"]
[WhiteElo "1901"]
[BlackElo "2177"]
[PlyCount "55"]
[EventDate "2022.07.24"]
[EventType "swiss"]
[EventRounds "9"]
[EventCountry "ESP"]
[SourceTitle "EXT 2023"]
[Source "ChessBase"]
[SourceDate "2022.10.05"]
[SourceVersion "1"]
[SourceVersionDate "2022.10.05"]
[SourceQuality "1"]

1. Nf3 c5 2. c4 Nc6 3. g3 g6 4. Nc3 Bg7 5. b3 e5 6. e4 Nge7 7. Bg2 d6 8. 0-0 0-0 9. Bb2 f5 10. d3 h6 11. exf5 Bxf5 12. Nh4 Be6 13. Nd5 g5 14. Nxe7+ Nxe7 15. Nf3 e4 16. Bxg7 exf3 17. Bxf8 fxg2 18. Re1 Qxf8 19. Rxe6 Qf7 20. Re4 Nc6 21. f4 Nd4 22. Kxg2 d5 23. Re5 Re8 24. Rxe8+ Qxe8 25. Qe1 Qh5 26. Qe3 g4 27. Re1 Qh3+ 28. Kh1 1-0

[Event "Pontevedra op-A 10th"]
[Site "Pontevedra"]
[Date "2022.07.27"]
[Round "5"]
[White "Tadevosyan, Aspet"]
[Black "Pulvett Marin, Daniel Eduardo"]
[Result "0-1"]
[WhiteElo "2177"]
[BlackElo "2523"]
[PlyCount "173"]
[EventDate "2022.07.24"]
[EventType "swiss"]
[EventRounds "9"]
[EventCountry "ESP"]
[SourceTitle "CBM 209 Extra"]
[Source "ChessBase"]
[SourceDate "2022.09.30"]
[SourceVersion "1"]
[SourceVersionDate "2022.09.30"]
[SourceQuality "1"]

1. Nf3 c5 2. c4 g6 3. e4 Nc6 4. d4 Bg7 5. d5 Nd4 6. Nxd4 Bxd4 7. Bd3 d6 8. Nd2 e6 9. 0-0 Ne7 10. Rb1 a5 11. b3 0-0 12. a3 b6 13. b4 axb4 14. axb4 Ba6 15. Qc2 Qc7 16. Rb3 cxb4 17. Rxb4 Rfc8 18. Bb2 Qc5 19. Bxd4 Qxd4 20. Nf3 Qc5 21. Rb2 exd5 22. exd5 Bxc4 23. Qxc4 Qxc4 24. Bxc4 Rxc4 25. Rxb6 Rd8 26. Rb5 Rc5 27. Rb7 Nxd5 28. Ng5 Rc7 29. Rfb1 Rdd7 30. Rxc7 Rxc7 31. g3 Nf6 32. Rb6 Rd7 33. Kg2 Kf8 34. Kf3 h6 35. Ne4 Nxe4 36. Kxe4 Ke7 37. h4 Ke6 38. Rb8 h5 39. Re8+ Re7 40. Rd8 Ra7 41. Re8+ Kf6 42. Rd8 Re7+ 43. Kf4 Ke6 44. Ke4 Rb7 45. Re8+ Kd7 46. Rf8 Rb4+ 47. Ke3 Ke7 48. Ra8 Rb1 49. Ke4 Re1+ 50. Kf4 Re2 51. Kf3 Re5 52. Kf4 Ke6 53. Rf8 Ra5 54. Re8+ Kd5 55. Re7 f6 56. Rf7 Ke6 57. Rg7 Ra4+ 58. Kf3 Kf5 59. Rd7 Ra6 60. Rd8 Rb6 61. Rd7 Ke6 62. Rg7 Rb5 63. Ke4 d5+ 64. Kf4 Rb4+ 65. Ke3 Rb3+ 66. Kf4 Rb4+ 67. Ke3 Kf5 68. Rd7 Rb3+ 69. Ke2 Ke4 70. Re7+ Kf5 71. Rd7 Rb5 72. Kf3 Ra5 73. Rd8 Rb5 74. Rd7 g5 75. Rh7 Rb3+ 76. Ke2 Kg4 77. Rd7 gxh4 78. gxh4 Rb5 79. Rd6 f5 80. Rg6+ Kxh4 81. Kf3 Rb4 82. Rd6 Rd4 83. Ke3 Re4+ 84. Kf3 d4 85. Rg6 Rg4 86. Rh6 Kg5 87. Rh8 0-1

[Event "Pontevedra op-A 10th"]
[Site "Pontevedra"]
[Date "2022.07.24"]
[Round "1"]
[White "Tadevosyan, Aspet"]
[Black "Alonso Pacheco, Luis Joaquin"]
[Result "1-0"]
[WhiteElo "2177"]
[BlackElo "1903"]
[PlyCount "108"]
[EventDate "2022.07.24"]
[EventType "swiss"]
[EventRounds "9"]
[EventCountry "ESP"]
[SourceTitle "EXT 2023"]
[Source "ChessBase"]
[SourceDate "2022.10.05"]
[SourceVersion "1"]
[SourceVersionDate "2022.10.05"]
[SourceQuality "1"]

1. d4 d5 2. Nf3 Nf6 3. c4 e6 4. e3 Be7 5. Bd3 0-0 6. 0-0 b6 7. b3 Bb7 8. Bb2 Nbd7 9. Nc3 Rc8 10. Qe2 c5 11. Rac1 Ne4 12. cxd5 Nxc3 13. Bxc3 Bxd5 14. Rfd1 Bxf3 15. Qxf3 cxd4 16. Bxd4 Rxc1 17. Rxc1 Bf6 18. Qe4 g6 19. Bb5 Bxd4 20. Qxd4 Nf6 21. Qc3 Nd5 22. Qe5 Qf6 23. Qxf6 Nxf6 24. Kf1 Rd8 25. Ke2 Rd6 26. f3 h5 27. e4 e5 28. h4 a5 29. Rc7 Kg7 30. Rc6 Rxc6 31. Bxc6 Kf8 32. Kd3 Ke7 33. Kc4 Kd6 34. Kb5 Kc7 35. g3 Nh7 36. Be8 g5 37. Bxf7 gxh4 38. gxh4 Nf6 39. a4 Kb7 40. Bg6 Kc7 41. Bf7 Kb7 42. Bd5+ Kc7 43. Kc4 Kd6 44. Bf7 Kc6 45. Bg6 Kd6 46. Kd3 Kc5 47. Ke3 Kc6 48. Bf7 Kc5 49. f4 Kd6 50. Kf3 exf4 51. Kxf4 Ke7 52. Bc4 Nh7 53. Kf5 Nf6 54. Be2 Nd7 1-0

[Event "Merida World Heritage op 1st"]
[Site "Merida"]
[Date "2021.08.08"]
[Round "8"]
[White "Vela Ignacio, Jose Manuel"]
[Black "Tadevosyan, Aspet"]
[Result "0-1"]
[WhiteElo "2031"]
[BlackElo "2245"]
[PlyCount "74"]
[EventDate "2021.08.04"]
[EventType "swiss"]
[EventRounds "9"]
[EventCountry "ESP"]
[SourceTitle "EXT 2023"]
[Source "ChessBase"]
[SourceDate "2022.10.05"]
[SourceVersion "1"]
[SourceVersionDate "2022.10.05"]
[SourceQuality "1"]

1. d4 Nf6 2. c4 e6 3. Nc3 Bb4 4. Qc2 d6 5. Nf3 0-0 6. e4 e5 7. dxe5 dxe5 8. Bg5 h6 9. Bh4 Nc6 10. Rd1 Qe7 11. a3 Bxc3+ 12. bxc3 Qxa3 13. Bxf6 gxf6 14. Be2 Ne7 15. h4 Ng6 16. g3 Be6 17. h5 Ne7 18. Nh4 Rfd8 19. 0-0 Qc5 20. Qc1 Kh7 21. Rd5 Qb6 22. Rb5 Qc6 23. Qe3 b6 24. Rd5 Qe8 25. f4 c6 26. fxe5 cxd5 27. exd5 f5 28. d6 Ng8 29. g4 Rac8 30. gxf5 Bxc4 31. f6 Bxe2 32. Qe4+ Kh8 33. Ng6+ fxg6 34. hxg6 Nxf6 35. Rxf6 Qd7 36. Qxe2 Qh3 37. Qf2 Kg8 0-1

[Event "Merida World Heritage op 1st"]
[Site "Merida"]
[Date "2021.08.05"]
[Round "2"]
[White "Juan Mas, Santiago"]
[Black "Tadevosyan, Aspet"]
[Result "0-1"]
[WhiteElo "1947"]
[BlackElo "2245"]
[PlyCount "52"]
[EventDate "2021.08.04"]
[EventType "swiss"]
[EventRounds "9"]
[EventCountry "ESP"]
[SourceTitle "EXT 2023"]
[Source "ChessBase"]
[SourceDate "2022.10.05"]
[SourceVersion "1"]
[SourceVersionDate "2022.10.05"]
[SourceQuality "1"]

1. e4 c5 2. Nf3 d6 3. Bb5+ Bd7 4. Bxd7+ Qxd7 5. 0-0 Nc6 6. c3 Nf6 7. d4 Nxe4 8. d5 Nb8 9. Re1 Nf6 10. Bg5 e5 11. dxe6 fxe6 12. Bxf6 gxf6 13. Qd5 e5 14. Nbd2 Nc6 15. Ne4 Be7 16. Rad1 0-0-0 17. b4 f5 18. Neg5 e4 19. Nf7 exf3 20. Nxd8 Rxd8 21. Qxf3 cxb4 22. cxb4 Bf6 23. b5 Ne5 24. Qd5 f4 25. a4 f3 26. a5 Qg4 0-1

[Event "Andalusia-ch Rapid"]
[Site "Dos Hermanas"]
[Date "2021.06.12"]
[Round "8"]
[White "Tadevosyan, Aspet"]
[Black "Matamoros Franco, Carlos S"]
[Result "0-1"]
[WhiteElo "2194"]
[BlackElo "2487"]
[PlyCount "58"]
[EventDate "2021.06.12"]
[EventType "swiss (rapid)"]
[EventRounds "8"]
[EventCountry "ESP"]
[SourceTitle "CBM 203 Extra"]
[Source "ChessBase"]
[SourceDate "2021.09.30"]
[SourceVersion "1"]
[SourceVersionDate "2021.09.30"]
[SourceQuality "1"]

1. d4 Nf6 2. c4 c5 3. d5 g6 4. Nc3 Bg7 5. e4 d6 6. h3 0-0 7. Nf3 e6 8. Bd3 exd5 9. exd5 Re8+ 10. Be3 Rxe3+ 11. fxe3 Qe7 12. 0-0 Nbd7 13. Qe2 b6 14. Rae1 Ba6 15. Qf2 Rf8 16. a3 Ne5 17. Nxe5 Qxe5 18. Qf4 Qe7 19. g4 Nd7 20. Ne4 Ne5 21. Be2 f6 22. b3 Bc8 23. Ng3 f5 24. g5 Nf7 25. h4 h6 26. e4 hxg5 27. hxg5 Nxg5 28. Kh2 Be5 29. Qf2 Nxe4 0-1

[Event "Andalusia-ch Rapid"]
[Site "Dos Hermanas"]
[Date "2021.06.12"]
[Round "5"]
[White "Tadevosyan, Aspet"]
[Black "Zarandieta Lopera, Jose Luis"]
[Result "1/2-1/2"]
[WhiteElo "2194"]
[BlackElo "2147"]
[PlyCount "78"]
[EventDate "2021.06.12"]
[EventType "swiss (rapid)"]
[EventRounds "8"]
[EventCountry "ESP"]
[SourceTitle "CBM 203 Extra"]
[Source "ChessBase"]
[SourceDate "2021.09.30"]
[SourceVersion "1"]
[SourceVersionDate "2021.09.30"]
[SourceQuality "1"]

1. d4 d5 2. c4 e6 3. Nc3 c6 4. e3 f5 5. Bd3 Nf6 6. Qc2 Bd6 7. cxd5 exd5 8. Bxf5 Bxf5 9. Qxf5 0-0 10. Nf3 b5 11. Ne5 Qe7 12. a3 a5 13. 0-0 Ne4 14. Qg4 Bxe5 15. Nxe4 dxe4 16. dxe5 Qxe5 17. Rb1 Ra7 18. Bd2 Raf7 19. Bc3 Qd5 20. Bxa5 h5 21. Qh4 Nd7 22. Bc3 Ne5 23. Bxe5 Qxe5 24. b4 Rf6 25. Rbc1 Qb2 26. Rcd1 Qe2 27. Ra1 Qb2 28. Rab1 Rxf2 29. Qxf2 Rxf2 30. Rxb2 Rxb2 31. Rc1 Rb3 32. Rxc6 Rxe3 33. Rc5 Rxa3 34. Rxb5 e3 35. Kf1 Ra2 36. Rxh5 Rf2+ 37. Ke1 Rxg2 38. Rh3 Rb2 39. Rxe3 Rxb4 1/2-1/2

[Event "Coin op"]
[Site "Coin"]
[Date "2021.04.01"]
[Round "1"]
[White "Tadevosyan, Aspet"]
[Black "Pena Rodriguez, Alvaro"]
[Result "1-0"]
[WhiteElo "2121"]
[BlackElo "1541"]
[PlyCount "42"]
[EventDate "2021.04.01"]
[EventType "swiss"]
[EventRounds "7"]
[EventCountry "ESP"]
[SourceTitle "EXT 2022"]
[Source "ChessBase"]
[SourceDate "2021.10.06"]
[SourceVersion "1"]
[SourceVersionDate "2021.10.06"]
[SourceQuality "1"]

1. d4 d5 2. c4 e6 3. Nc3 Nf6 4. cxd5 exd5 5. Bg5 Be7 6. e3 Bf5 7. Qb3 b6 8. Bxf6 Bxf6 9. Nxd5 0-0 10. Nf3 Nc6 11. Nxf6+ Qxf6 12. Bd3 Na5 13. Qc2 Bxd3 14. Qxd3 c5 15. 0-0 cxd4 16. exd4 Rfd8 17. Rfd1 Rd5 18. Rac1 Rad8 19. Qc3 h6 20. b4 Nb7 21. Qb3 R5d7 1-0

[Event "Figueira da Foz op 14th"]
[Site "Figueira da Foz"]
[Date "2020.10.30"]
[Round "8"]
[White "Janik, Igor"]
[Black "Tadevosyan, Aspet"]
[Result "1-0"]
[WhiteElo "2489"]
[BlackElo "2136"]
[PlyCount "141"]
[EventDate "2020.10.24"]
[EventType "swiss"]
[EventRounds "9"]
[EventCountry "POR"]
[SourceTitle "CBM 199 Extra"]
[Source "ChessBase"]
[SourceDate "2021.01.31"]
[SourceVersion "1"]
[SourceVersionDate "2021.01.31"]
[SourceQuality "1"]

1. e4 c5 2. Nf3 d6 3. Bb5+ Nd7 4. 0-0 a6 5. Bd3 Ngf6 6. Re1 g6 7. a4 Bg7 8. c3 0-0 9. Bc2 e5 10. d4 Re8 11. d5 b6 12. Nbd2 Qc7 13. b3 Nf8 14. Nf1 Bd7 15. Ng3 b5 16. Qe2 Reb8 17. Bd3 Qb7 18. Ra2 Be8 19. Bg5 h6 20. Be3 Ng4 21. Bd2 Nf6 22. Rea1 b4 23. cxb4 cxb4 24. Rc2 N8d7 25. Rac1 Nc5 26. Bc4 Rc8 27. Ne1 h5 28. Nd3 Nxd3 29. Qxd3 Rcb8 30. Qe2 Bd7 31. Bd3 Ne8 32. a5 Bb5 33. Bxb5 Qxb5 34. Ra1 Kh7 35. Qxb5 Rxb5 36. Rc4 Bh6 37. Be1 Kg7 38. Ra4 Kf6 39. Ne2 Ra7 40. Rcxb4 Rc5 41. Rc4 Rb5 42. b4 Rbb7 43. Nc3 Ke7 44. Kf1 Kd7 45. Ke2 Ra8 46. Ra2 Rc8 47. Rxc8 Kxc8 48. b5 Nc7 49. b6 Ne8 50. Rc2 Kb8 51. Na2 Rd7 52. Nb4 Kb7 53. f3 Bg5 54. Kd3 Be7 55. Nc6 Bg5 56. g3 Bh6 57. Na7 Bg5 58. Bb4 Bf6 59. f4 g5 60. fxg5 Bxg5 61. h4 Be7 62. Rf2 f6 63. Nc6 Bf8 64. Nxe5 Rg7 65. Rf3 dxe5 66. Bxf8 Rf7 67. Bb4 Rg7 68. Ke3 Rg4 69. Be7 Rg6 70. Kf2 Rg4 71. d6 1-0

[Event "Figueira da Foz op 14th"]
[Site "Figueira da Foz"]
[Date "2020.10.28"]
[Round "6"]
[White "Stella, Andrea"]
[Black "Tadevosyan, Aspet"]
[Result "1/2-1/2"]
[WhiteElo "2457"]
[BlackElo "2136"]
[PlyCount "40"]
[EventDate "2020.10.24"]
[EventType "swiss"]
[EventRounds "9"]
[EventCountry "POR"]
[SourceTitle "CBM 199 Extra"]
[Source "ChessBase"]
[SourceDate "2021.01.31"]
[SourceVersion "1"]
[SourceVersionDate "2021.01.31"]
[SourceQuality "1"]

1. d4 d5 2. c4 c6 3. Nf3 Nf6 4. Nc3 dxc4 5. a4 e6 6. e3 c5 7. Bxc4 Nc6 8. 0-0 cxd4 9. exd4 Be7 10. Qe2 0-0 11. Rd1 Nb4 12. Ne5 Bd7 13. Bg5 Bc6 14. Nxc6 bxc6 15. a5 Nfd5 16. Bxe7 Qxe7 17. Ne4 Nf6 18. Nc5 Nd7 19. Ne4 Nf6 20. Nc5 Nd7 1/2-1/2

[Event "Figueira da Foz op 14th"]
[Site "Figueira da Foz"]
[Date "2020.10.26"]
[Round "4"]
[White "Tadevosyan, Aspet"]
[Black "Grigoryan, Karen H"]
[Result "0-1"]
[WhiteElo "2136"]
[BlackElo "2658"]
[PlyCount "56"]
[EventDate "2020.10.24"]
[EventType "swiss"]
[EventRounds "9"]
[EventCountry "POR"]
[SourceTitle "CBM 199 Extra"]
[Source "ChessBase"]
[SourceDate "2021.01.31"]
[SourceVersion "1"]
[SourceVersionDate "2021.01.31"]
[SourceQuality "1"]

1. d4 Nf6 2. c4 g6 3. Nc3 d5 4. Bf4 Bg7 5. e3 0-0 6. Rc1 c5 7. dxc5 Be6 8. Nf3 Nc6 9. Ng5 Qa5 10. Be2 Rad8 11. Nxe6 fxe6 12. 0-0 d4 13. Nb5 dxe3 14. Qb3 exf2+ 15. Rxf2 e5 16. Be3 Rd7 17. Qa3 Qxa3 18. Nxa3 Nd4 19. Nb5 Nf5 20. Rf3 Nxe3 21. Rxe3 Bh6 22. Rcc3 Bxe3+ 23. Rxe3 e4 24. Nxa7 Ra8 25. c6 bxc6 26. Nxc6 Rxa2 27. b4 Rdd2 28. Bf1 Ra1 0-1

[Event "Figueira da Foz op 14th"]
[Site "Figueira da Foz"]
[Date "2020.10.25"]
[Round "2"]
[White "Djuric, Stefan"]
[Black "Tadevosyan, Aspet"]
[Result "1-0"]
[WhiteElo "2358"]
[BlackElo "2136"]
[PlyCount "61"]
[EventDate "2020.10.24"]
[EventType "swiss"]
[EventRounds "9"]
[EventCountry "POR"]
[SourceTitle "CBM 199 Extra"]
[Source "ChessBase"]
[SourceDate "2021.01.31"]
[SourceVersion "1"]
[SourceVersionDate "2021.01.31"]
[SourceQuality "1"]

1. d4 Nf6 2. c4 e6 3. Nc3 Bb4 4. e3 0-0 5. Bd3 d5 6. Nf3 c5 7. 0-0 cxd4 8. exd4 dxc4 9. Bxc4 b6 10. Bg5 Bb7 11. Rc1 Nbd7 12. a3 Be7 13. Qe2 Re8 14. Rfe1 Rc8 15. Bb5 Nd5 16. Nxd5 Bxg5 17. Rxc8 Bxc8 18. Nxg5 Qxg5 19. Nc7 Bb7 20. f4 Qd8 21. Nxe8 Qxe8 22. f5 Bd5 23. Rc1 Qd8 24. Bxd7 Qxd7 25. Qb5 Qd8 26. Qa6 Bc6 27. Qc4 Bb7 28. fxe6 fxe6 29. Qxe6+ Kh8 30. Qe5 Qf8 31. Rf1 1-0

[Event "Figueira da Foz op 14th"]
[Site "Figueira da Foz"]
[Date "2020.10.25"]
[Round "3"]
[White "Tadevosyan, Aspet"]
[Black "Soares, Sara Joana de Moura"]
[Result "1-0"]
[WhiteElo "2136"]
[BlackElo "1654"]
[PlyCount "74"]
[EventDate "2020.10.24"]
[EventType "swiss"]
[EventRounds "9"]
[EventCountry "POR"]
[SourceTitle "CBM 199 Extra"]
[Source "ChessBase"]
[SourceDate "2021.01.31"]
[SourceVersion "1"]
[SourceVersionDate "2021.01.31"]
[SourceQuality "1"]

1. e4 c5 2. Nf3 Nc6 3. Bb5 g6 4. Bxc6 bxc6 5. 0-0 Bg7 6. Re1 Nf6 7. e5 Nd5 8. c4 Nc7 9. b3 0-0 10. Bb2 Ne6 11. Nc3 d6 12. Ne4 Bb7 13. Qc2 Rc8 14. exd6 exd6 15. Bxg7 Nxg7 16. Qc3 f5 17. Neg5 Qd7 18. Re2 Rce8 19. Rxe8 Rxe8 20. h4 Bc8 21. Rd1 Ne6 22. Nxe6 Qxe6 23. h5 Qf7 24. d4 Qg7 25. Qd2 cxd4 26. Nxd4 Bb7 27. hxg6 hxg6 28. Nf3 d5 29. c5 Qc7 30. g3 Qf7 31. Kg2 Ba6 32. Nd4 Bb7 33. Rh1 Qg7 34. Qf4 Qf7 35. Qd6 Rc8 36. Ne6 Qf6 37. Qd7 Rf8 1-0